[Event "Regional Sudeste 2011"]
[Site "Sao Paulo"]
[Date "2011.09.22"]
[Round "4.23"]
[White "Dos Santos, Lucas Aparecido"]
[Black "Correa, Ariane Miranda"]
[Result "1-0"]
[WhiteElo "1999"]
[BlackElo "1795"]
[PlyCount "57"]
[EventDate "2011.09.22"]

1. e4 c5 2. Nf3 d6 3. d4 cxd4 4. Nxd4 Nf6 5. Nc3 g6 6. Be3 Bg7 7. f3 O-O 8. Qd2
Nc6 9. Bc4 Bd7 10. O-O-O Rc8 11. Bb3 Ne5 12. g4 b5 13. h4 h5 14. Nd5 Nxd5 15.
Bxd5 hxg4 16. h5 e6 17. Bb3 a5 18. hxg6 a4 19. Qh2 fxg6 20. Bxe6+ Bxe6 21. Nxe6
Qf6 22. Nxg7 Qxg7 23. Bh6 Qf6 24. Bxf8 Nc4 25. c3 Kxf8 26. Qh8+ Ke7 27. Rh7+
Ke6 28. Qxc8+ Ke5 29. Qe8+ 1-0

[Event "Regional Sudeste 2011"]
[Site "Sao Paulo"]
[Date "2011.09.22"]
[Round "4.24"]
[White "Braga, Marcelo Melem"]
[Black "Sztokbant, Bernardo Vainzoff"]
[Result "0-1"]
[WhiteElo "1757"]
[BlackElo "1979"]
[PlyCount "22"]
[EventDate "2011.09.22"]

1. d4 Nf6 2. c4 e6 3. a3 d5 4. cxd5 exd5 5. Bg5 Be7 6. e3 O-O 7. h3 Re8 8. Nc3
Ne4 9. Bxe7 Qxe7 10. Bd3 Bf5 11. Qc2 Nxf2 0-1

[Event "Regional Sudeste 2011"]
[Site "Sao Paulo"]
[Date "2011.09.22"]
[Round "4.26"]
[White "Silva, Igor Dos Santos"]
[Black "Leite, Tarcisio Dantas Fro"]
[Result "1-0"]
[WhiteElo "1946"]
[BlackElo "1706"]
[PlyCount "95"]
[EventDate "2011.09.22"]

1. d4 Nf6 2. c4 g6 3. Nc3 Bg7 4. Nf3 O-O 5. Bg5 c6 6. e3 Na6 7. Be2 Nc7 8. O-O
d5 9. Qc1 Ne4 10. Bf4 Ne6 11. Be5 f6 12. Bg3 Nxg3 13. hxg3 Bh6 14. Qc2 Kh8 15.
Nh4 f5 16. b4 Ng5 17. Rab1 Be6 18. b5 Qd7 19. Na4 b6 20. c5 Qc7 21. cxb6 axb6
22. bxc6 Rfb8 23. Rfc1 Ne4 24. Nf3 Bg7 25. Rb4 Nd6 26. Rcb1 Nc4 27. Ng5 Bg8 28.
Bxc4 dxc4 29. Rxc4 h6 30. Nh3 Bxc4 31. Qxc4 b5 32. Rxb5 Rxb5 33. Qxb5 Rb8 34.
Qa6 g5 35. d5 e6 36. dxe6 Qd6 37. Kh2 Qxe6 38. c7 Qc8 39. cxb8=Q Qxb8 40. Nb6
Qe5 41. Nc4 Qc7 42. a4 Qf7 43. a5 Kh7 44. Qc8 Bc3 45. Nd6 Qf6 46. Qd7+ Kg6 47.
a6 Be1 48. a7 1-0

[Event "Regional Sudeste 2011"]
[Site "Sao Paulo"]
[Date "2011.09.22"]
[Round "5.1"]
[White "Barbosa, Evandro Amorim"]
[Black "El Debs, Felipe De Cresce"]
[Result "1/2-1/2"]
[WhiteElo "2383"]
[BlackElo "2478"]
[PlyCount "65"]
[EventDate "2011.09.22"]

1. e4 c5 2. Nf3 e6 3. d4 cxd4 4. Nxd4 Nc6 5. Nc3 Qc7 6. Be3 Nf6 7. f4 Nxd4 8.
Qxd4 Ng4 9. Nb5 Qb8 10. Bd2 a6 11. Nc3 Qd6 12. Qxd6 Bxd6 13. Be2 Nh6 14. Na4
Bc7 15. Be3 b5 16. Nb6 Bxb6 17. Bxb6 Bb7 18. Bd3 f5 19. exf5 Nxf5 20. O-O Kf7
21. a4 Bc6 22. axb5 axb5 23. g3 Nd6 24. Bd4 Be4 25. Bxe4 Nxe4 26. Rae1 Nf6 27.
f5 Rhe8 28. Re5 Ra4 29. c3 b4 30. g4 bxc3 31. bxc3 d6 32. fxe6+ Rxe6 33. Rxe6
1/2-1/2

[Event "Regional Sudeste 2011"]
[Site "Sao Paulo"]
[Date "2011.09.22"]
[Round "5.2"]
[White "Santos, Marcus Vinicius More"]
[Black "Sega, Carlos Alberto"]
[Result "1/2-1/2"]
[WhiteElo "2341"]
[BlackElo "2261"]
[PlyCount "57"]
[EventDate "2011.09.22"]

1. Nf3 Nf6 2. c4 c5 3. g3 b6 4. Bg2 Bb7 5. O-O e6 6. Nc3 Be7 7. Re1 d6 8. e4
Nbd7 9. d4 cxd4 10. Nxd4 Qb8 11. b3 a6 12. Bb2 O-O 13. Qd2 Re8 14. Rad1 g6 15.
f4 e5 16. Nc2 b5 17. Ne3 Bd8 18. f5 Bb6 19. Kh1 Bxe3 20. Qxe3 bxc4 21. Ba3 cxb3
22. Bxd6 Qc8 23. axb3 Qc6 24. Ba3 Rac8 25. Nd5 Nxd5 26. exd5 (26. Rxd5 Qc7 27.
Rd6) 26... Qb6 27. Qxb6 Nxb6 28. Bb4 Rc2 29. Ba5 1/2-1/2

[Event "Regional Sudeste 2011"]
[Site "Sao Paulo"]
[Date "2011.09.22"]
[Round "5.3"]
[White "Terao, Rodrigo Akira"]
[Black "Campelo, Leandro Fabricio"]
[Result "1/2-1/2"]
[WhiteElo "2358"]
[BlackElo "2230"]
[PlyCount "289"]
[EventDate "2011.09.22"]

1. e4 e6 2. d4 d5 3. Nd2 Nf6 4. e5 Nfd7 5. Bd3 c5 6. c3 Nc6 7. Ne2 cxd4 8. cxd4
f6 9. Nf4 Nxd4 10. Qh5+ Ke7 11. Ng6+ hxg6 12. exf6+ Kxf6 13. Qxh8 Kf7 14. O-O
Nf6 15. f4 Qb6 16. Kh1 Bd7 17. Qh4 Bb5 18. Bxb5 Qxb5 19. f5 Nxf5 20. Qe1 Bd6
21. Nf3 e5 22. Bg5 e4 23. Nh4 Nd4 24. Rd1 Be5 25. Bf4 Bxf4 26. Rxf4 Ne6 27. Rf1
Rh8 28. g3 g5 29. Ng2 b6 30. Rf5 Qxb2 31. Rdxd5 Kg6 32. Rfe5 Nxd5 33. Qxe4+ Kf7
34. Qf5+ Nf6 35. Qxe6+ Kg6 36. h4 gxh4 37. Nxh4+ Rxh4+ 38. gxh4 Qc1+ 39. Re1
Qf4 40. Qh3 Kh7 41. Qd3+ Kh8 42. Re3 Kg8 43. Qb3+ Kh7 44. Rf3 Qc1+ 45. Kg2 Qd2+
46. Rf2 Qd4 47. Qh3 Ng4 48. Re2 Nf6 49. Qf5+ Kg8 50. h5 Qd1 51. Qf3 Qc1 52.
Qb3+ Kf8 53. Qb4+ Kg8 54. Qb3+ Kf8 55. Qe3 Qc6+ 56. Kg1 Qd6 57. Rd2 Qb4 58. h6
Qb1+ 59. Kg2 Qg6+ 60. Kf1 Qxh6 61. Qxh6 gxh6 62. Rd8+ Ke7 63. Ra8 a5 64. Rb8
Nd5 65. Rh8 Kd6 66. Ke2 Kc5 67. Kd2 b5 68. Rxh6 Nb6 69. Rh4 Nc4+ 70. Kc3 Nb6
71. Rh5+ Nd5+ 72. Kd3 Kd6 73. Kd4 Nb4 74. Rh6+ Kd7 75. Rh7+ Kd6 76. Rh2 Nc6+
77. Kc3 Kc5 78. Rh5+ Kb6 79. Rg5 Nb4 80. Rg6+ Nc6 81. Kd3 Kc5 82. Rg5+ Kb4 83.
Kc2 Kc4 84. Rg4+ Nd4+ 85. Kd2 Kc5 86. Kc3 Nc6 87. Rg5+ Kb6 88. Rh5 Ka6 89. a3
b4+ 90. axb4 Nxb4 91. Kc4 Kb6 92. Kb3 Kc6 93. Ka4 Nd3 94. Kxa5 Kd6 95. Kb5 Ne5
96. Kb4 Kd5 97. Kc3 Ke4 98. Rh4+ Kf5 99. Ra4 Nf3 100. Kd3 Ne5+ 101. Kd4 Nc6+
102. Kd5 Ne7+ 103. Kd6 Ng6 104. Ra1 Ke4 105. Re1+ Kf5 106. Kd5 Nf4+ 107. Kd4
Ne6+ 108. Ke3 Ke5 109. Rh1 Kf5 110. Rh5+ Ng5 111. Kd4 Kf4 112. Rh4+ Kf5 113.
Kd5 Nf3 114. Rh8 Kf4 115. Rf8+ Ke3 116. Rf7 Ng5 117. Rf8 Nf3 118. Rf5 Nd4 119.
Re5+ Kd3 120. Rh5 Nf3 121. Rh1 Ke3 122. Rf1 Ke2 123. Ra1 Ke3 124. Ra4 Nd2 125.
Ra3+ Kf4 126. Ra2 Nf3 127. Re2 Kf5 128. Re4 Ng5 129. Re8 Kf6 130. Re1 Nf7 131.
Rf1+ Ke7 132. Rf5 Nd8 133. Re5+ Kf6 134. Re1 Nf7 135. Rf1+ Ke7 136. Rf5 Nd8
137. Rh5 Nf7 138. Rf5 Nd8 139. Rg5 Nf7 140. Rg6 Nd8 141. Rd6 Ke8 142. Rh6 Ke7
143. Rg6 Nf7 144. Re6+ Kd7 145. Re3 1/2-1/2

[Event "Regional Sudeste 2011"]
[Site "Sao Paulo"]
[Date "2011.09.22"]
[Round "5.4"]
[White "Mendonca, Mateus Nakajo"]
[Black "Tsuboi, Edson Kenji"]
[Result "1-0"]
[WhiteElo "2146"]
[BlackElo "2350"]
[PlyCount "155"]
[EventDate "2011.09.22"]

1. d4 Nf6 2. Nf3 e6 3. c4 d5 4. g3 dxc4 5. Qa4+ Nbd7 6. Bg2 a6 7. Qxc4 c5 8.
O-O b5 9. Qd3 Bb7 10. Nc3 cxd4 11. Qxd4 Bc5 12. Qd3 O-O 13. Bf4 Qb6 14. a4 b4
15. a5 Qd8 16. Na4 Be4 17. Qd2 Nd5 18. Rfc1 Be7 19. Nd4 Bxg2 20. Nc6 Qe8 21.
Kxg2 Rc8 22. Kg1 Bc5 23. Nxc5 Nxc5 24. Na7 Nb3 25. Rxc8 Qxc8 26. Nxc8 Nxd2 27.
Ne7+ Nxe7 28. Bxd2 Rc8 29. Bxb4 Nd5 30. Bd2 Rc2 31. Rc1 Rxc1+ 32. Bxc1 Kf8 33.
e4 Nc7 34. Kf1 Ke7 35. Ke2 Kd6 36. Kd3 e5 37. Kc4 Kc6 38. Be3 h5 39. Ba7 g5 40.
Bb8 Ne6 41. Bxe5 g4 42. Bf6 Nc5 43. Kd4 Nb3+ 44. Ke3 Nxa5 45. Kf4 Nc4 46. Bc3
Kd7 47. Kg5 Nd6 48. Kf4 Ke6 49. f3 gxf3 50. Kxf3 Nb5 51. Bd2 f6 52. Bf4 a5 53.
Bd2 a4 54. Bb4 Nd4+ 55. Kf4 Nc6 56. Bc3 Na7 57. h3 Nb5 58. Bb4 Nd4 59. Bc5 Nb3
60. Be3 Na5 61. Bc5 Nc4 62. Ba3 Nd2 63. Ke3 Nf1+ 64. Kf2 Nd2 65. Ke3 Nf1+ 66.
Kf4 Nd2 67. h4 Nc4 68. g4 hxg4 69. Kxg4 Ke5 70. h5 Kxe4 71. h6 Ne5+ 72. Kh5 Kf5
73. h7 Nf7 74. Bf8 Ke6 75. Kg6 f5 76. Bh6 Nh8+ 77. Kg7 Nf7 78. Bg5 1-0

[Event "Regional Sudeste 2011"]
[Site "Sao Paulo"]
[Date "2011.09.22"]
[Round "5.5"]
[White "Santiago, Yago De Moura"]
[Black "Garkauskas, Otto Dmitry"]
[Result "1-0"]
[WhiteElo "2314"]
[BlackElo "2050"]
[PlyCount "59"]
[EventDate "2011.09.22"]

1. e4 c5 2. Nf3 d6 3. d4 cxd4 4. Nxd4 Nf6 5. Nc3 a6 6. Bc4 e6 7. Bb3 Be7 8. Be3
b5 9. f3 O-O 10. Qd2 b4 11. Na4 d5 12. e5 Nfd7 13. f4 Bb7 14. O-O-O Nc6 15. Kb1
Nxd4 16. Bxd4 Bc6 17. Qf2 Rb8 18. f5 f6 19. exf6 Nxf6 20. fxe6 Ne4 21. Qe3 Bg5
22. Qxe4 Bxa4 23. Bxd5 Kh8 24. Bb3 Qe8 25. Bxa4 Qxa4 26. Bxg7+ Kxg7 27. Rd7+
Qxd7 28. exd7 Rb5 29. h4 Rbf5 30. Rd1 1-0

[Event "Regional Sudeste 2011"]
[Site "Sao Paulo"]
[Date "2011.09.22"]
[Round "5.6"]
[White "Quintiliano Pinto, Renato R"]
[Black "Goncalves, Jorge Roberto"]
[Result "0-1"]
[WhiteElo "2277"]
[BlackElo "2042"]
[PlyCount "58"]
[EventDate "2011.09.22"]

1. d4 Nf6 2. c4 e6 3. Nf3 Be7 4. Nc3 d5 5. Bf4 a6 6. c5 O-O 7. e3 b6 8. b4 a5
9. a3 axb4 10. axb4 Rxa1 11. Qxa1 Nc6 12. Qa4 Bd7 13. Bb5 Ne4 14. Nxe4 dxe4 15.
Bxc6 Bxc6 16. Qxc6 exf3 17. Qxf3 bxc5 18. bxc5 Bxc5 19. dxc5 Qd3 20. Qd1 Qc3+
21. Ke2 e5 22. Bg3 Ra8 23. Qb1 Qc4+ 24. Kf3 f5 25. Bf4 exf4 26. Rc1 Qd5+ 27. e4
fxe4+ 28. Qxe4 Ra3+ 29. Kxf4 g5+ 0-1

[Event "Regional Sudeste 2011"]
[Site "Sao Paulo"]
[Date "2011.09.22"]
[Round "5.7"]
[White "Molina, Roberto Junio Brito"]
[Black "Branchini, Fernando Luis Sakamo"]
[Result "1-0"]
[WhiteElo "2419"]
[BlackElo "1953"]
[PlyCount "45"]
[EventDate "2011.09.22"]

1. d4 Nf6 2. c4 g6 3. Nc3 Bg7 4. e4 d6 5. Nf3 O-O 6. Be2 Nbd7 7. O-O c6 8. h3
e5 9. d5 cxd5 10. cxd5 Nc5 11. Qc2 a5 12. Be3 b6 13. Nd2 Ne8 14. a3 Ba6 15. b4
Bxe2 16. Nxe2 Nd7 17. Nc4 f5 18. f3 Qc7 19. Qd3 axb4 20. axb4 Nef6 21. Rfc1 f4
22. Rxa8 Rxa8 23. Nxb6 1-0

[Event "Regional Sudeste 2011"]
[Site "Sao Paulo"]
[Date "2011.09.22"]
[Round "5.8"]
[White "Marra, Eduardo Da Costa"]
[Black "Rezende, Guilherme Vilela"]
[Result "1-0"]
[WhiteElo "2293"]
[BlackElo "2060"]
[PlyCount "61"]
[EventDate "2011.09.22"]

1. Nf3 c5 2. e4 e6 3. d3 Nc6 4. g3 g6 5. Bg2 Bg7 6. O-O Nge7 7. c3 Qb6 8. Qe2
O-O 9. Be3 d5 10. Na3 Qa5 11. Nd2 d4 12. Nb3 Qd8 13. Bd2 b6 14. cxd4 Nxd4 15.
Nxd4 Bxd4 16. Bh6 Re8 17. e5 Ba6 18. Nc4 Bxc4 19. dxc4 Rb8 20. Bg5 Qc7 21. Rae1
Nf5 22. g4 Ng7 23. Kh1 Rf8 24. Bf6 Ne8 25. g5 Nxf6 26. gxf6 Rfd8 27. f4 Qd7 28.
f5 b5 29. Qd2 Kh8 30. Qh6 Rg8 31. Rf3 1-0

[Event "Regional Sudeste 2011"]
[Site "Sao Paulo"]
[Date "2011.09.22"]
[Round "5.9"]
[White "Gazola, Vanessa Ramos"]
[Black "Brito, Luismar"]
[Result "0-1"]
[WhiteElo "2054"]
[BlackElo "2278"]
[PlyCount "88"]
[EventDate "2011.09.22"]

1. d4 Nf6 2. c4 e6 3. Nf3 c5 4. d5 exd5 5. cxd5 b5 6. Bg5 Qb6 7. Bxf6 Qxf6 8.
Qc2 d6 9. e4 a6 10. a4 b4 11. Nbd2 Bg4 12. Be2 Bxf3 13. Nxf3 Nd7 14. O-O g5 15.
Rae1 Bg7 16. b3 Qe7 17. Bd3 Bc3 18. Re2 h5 19. Nd2 Bxd2 20. Qxd2 Ne5 21. f4
gxf4 22. Rxf4 Rg8 23. Ref2 Qg5 24. Rf5 Qxd2 25. Rxd2 Ke7 26. h3 Rg3 27. Bc2
Rag8 28. Kh2 R8g5 29. Rxg5 Rxg5 30. Rf2 h4 31. Rf4 Rg3 32. Rxh4 Rc3 33. Bd1 Rd3
34. Be2 Rxb3 35. Bxa6 Ra3 36. Rh8 Rxa4 37. Bb5 Ra1 38. Re8+ Kf6 39. Rd8 b3 40.
Rxd6+ Kg7 41. Bd3 Nxd3 42. Rb6 Nb4 43. d6 b2 44. d7 Rd1 0-1

[Event "Regional Sudeste 2011"]
[Site "Sao Paulo"]
[Date "2011.09.22"]
[Round "5.12"]
[White "Delai, Paula Fernanda"]
[Black "Gerbelli Neto, Eduardo"]
[Result "0-1"]
[WhiteElo "2026"]
[BlackElo "2175"]
[PlyCount "66"]
[EventDate "2011.09.22"]

1. e4 e5 2. Nf3 Nc6 3. Bc4 Nf6 4. d3 Be7 5. O-O O-O 6. Re1 d6 7. c3 Na5 8. Bb5
a6 9. Ba4 b5 10. Bc2 c5 11. Nbd2 Nc6 12. Nf1 Re8 13. h3 Bf8 14. Bg5 h6 15. Bh4
g5 16. Bg3 Bg7 17. Ne3 Qc7 18. Nf5 Bxf5 19. exf5 Qd7 20. d4 cxd4 21. cxd4 e4
22. d5 exf3 23. dxc6 Rxe1+ 24. Qxe1 Qxc6 25. Rc1 Rc8 26. gxf3 Kh8 27. Qe7 Ng8
28. Qxf7 Qxf3 29. f6 Qxf6 30. Qd7 Rc4 31. Kh2 h5 32. Qe8 h4 33. Qh5+ Bh6 0-1

[Event "Regional Sudeste 2011"]
[Site "Sao Paulo"]
[Date "2011.09.22"]
[Round "5.13"]
[White "Feliciano Ebert, Vanessa"]
[Black "Nunes, Allan Hurba"]
[Result "1-0"]
[WhiteElo "2173"]
[BlackElo "2021"]
[PlyCount "75"]
[EventDate "2011.09.22"]

1. e4 e6 2. d4 d5 3. Nc3 Nf6 4. e5 Nfd7 5. f4 c5 6. Nf3 Nc6 7. Be3 cxd4 8. Nxd4
Bc5 9. Qd2 a6 10. O-O-O Nxd4 11. Bxd4 b5 12. Kb1 O-O 13. Bxc5 Nxc5 14. Bd3 b4
15. Ne2 a5 16. Qe3 Qb6 17. Nd4 Nxd3 18. Qxd3 Ba6 19. Qg3 f5 20. Qf3 Rac8 21.
Rd2 g6 22. Qf2 a4 23. h3 a3 24. b3 Rfe8 25. g4 Qc5 26. Qg3 Qc3 27. Qxc3 Rxc3
28. gxf5 gxf5 29. Rg2+ Kh8 30. Rhg1 Rcc8 31. Rg7 Rb8 32. Kc1 Bf1 33. Ra7 Bxh3
34. Rh1 Rg8 35. Rxh3 Rg1+ 36. Kd2 Ra1 37. Rhxh7+ Kg8 38. Rag7+ 1-0

[Event "Regional Sudeste 2011"]
[Site "Sao Paulo"]
[Date "2011.09.22"]
[Round "5.14"]
[White "Sztokbant, Bernardo Vainzoff"]
[Black "Madeira, Wagner Martins"]
[Result "0-1"]
[WhiteElo "1979"]
[BlackElo "2241"]
[PlyCount "110"]
[EventDate "2011.09.22"]

1. e4 e5 2. Nf3 Nc6 3. Bb5 a6 4. Ba4 Nf6 5. O-O Be7 6. Re1 b5 7. Bb3 O-O 8. c3
d6 9. h3 Na5 10. Bc2 c5 11. d4 Qc7 12. Nbd2 Bd7 13. Nf1 cxd4 14. cxd4 Rac8 15.
Re2 Nc6 16. d5 Nb4 17. Bb3 a5 18. Bd2 Na6 19. Rc1 Qb6 20. Be3 Qb8 21. Rxc8 Rxc8
22. Ng3 Nc5 23. Bc2 b4 24. Bb1 Bd8 25. Rc2 Bb6 26. Nd2 Na4 27. Bxb6 Nxb6 28. b3
Rxc2 29. Qxc2 Qc8 30. Qxc8+ Bxc8 31. Bd3 Nfd7 32. Ngf1 Nc5 33. Bb5 f5 34. exf5
Bxf5 35. Ne3 Bd3 36. Bxd3 Nxd3 37. Ndc4 Nxc4 38. Nxc4 Nf4 39. Nxd6 Nxd5 40. Nc4
e4 41. a3 Nb6 42. Nxa5 bxa3 43. b4 a2 44. Nb3 Kf7 45. Kf1 Ke6 46. Ke2 Kd5 47.
Kd2 Kc4 48. Kc2 Na4 49. Na1 Kxb4 50. Nb3 Ka3 51. Na1 Nc5 52. Kc3 Na4+ 53. Kc2
Nb2 54. Nb3 Nd3 55. f3 e3 0-1

[Event "Regional Sudeste 2011"]
[Site "Sao Paulo"]
[Date "2011.09.22"]
[Round "5.15"]
[White "Lebredo Zaragoitia, Gerardo"]
[Black "Abdalla, Jose Lucas Aurelli"]
[Result "1-0"]
[WhiteElo "2240"]
[BlackElo "2014"]
[PlyCount "65"]
[EventDate "2011.09.22"]

1. d4 Nf6 2. c4 c5 3. d5 b5 4. cxb5 a6 5. b6 Qxb6 6. Nc3 d6 7. e4 Nbd7 8. Nf3
g6 9. Be2 Bg7 10. O-O O-O 11. Nd2 Ne5 12. b3 a5 13. Rb1 Nfd7 14. Nb5 Ba6 15. a4
g5 16. Nc4 Nxc4 17. bxc4 h6 18. f4 gxf4 19. Bxf4 Ne5 20. Qd2 Kh7 21. Rb3 Bc8
22. Rg3 Ng6 23. Be3 Bd7 24. Bh5 Be8 25. Bg4 Ne5 26. Bf5+ Ng6 27. Bxh6 Bxb5 28.
axb5 Bxh6 29. Rh3 Rh8 30. Rxh6+ Kg7 31. Rxg6+ fxg6 32. Qg5 Rh6 33. Be6 1-0

[Event "Regional Sudeste 2011"]
[Site "Sao Paulo"]
[Date "2011.09.22"]
[Round "5.16"]
[White "Borges, Guilherme Deola"]
[Black "Dos Santos, Lucas Aparecido"]
[Result "1-0"]
[WhiteElo "2176"]
[BlackElo "1999"]
[PlyCount "65"]
[EventDate "2011.09.22"]

1. d4 Nf6 2. c4 g6 3. Nc3 Bg7 4. e4 d6 5. f4 O-O 6. Nf3 c5 7. dxc5 dxc5 8. Qxd8
Rxd8 9. e5 Ne8 10. Be3 Na6 11. Nd5 e6 12. Nc3 Nb4 13. Kf2 Nc2 14. Rc1 Nxe3 15.
Kxe3 b6 16. Bd3 Bb7 17. Be4 Bxe4 18. Nxe4 Rd7 19. Rhd1 Rad8 20. Rxd7 Rxd7 21.
g4 Bf8 22. Ne1 Be7 23. Nd3 Nc7 24. Nf6+ Bxf6 25. exf6 Rd4 26. b4 e5 27. bxc5
Ne6 28. cxb6 exf4+ 29. Nxf4 Rd7 30. Nxe6 fxe6 31. c5 axb6 32. cxb6 Rb7 33. Rc8+
1-0

[Event "Regional Sudeste 2011"]
[Site "Sao Paulo"]
[Date "2011.09.22"]
[Round "5.17"]
[White "Mello, Andre Barbieri"]
[Black "Terao, Juliana Sayumi"]
[Result "1-0"]
[WhiteElo "1944"]
[BlackElo "2152"]
[PlyCount "71"]
[EventDate "2011.09.22"]

1. e4 c5 2. Nf3 e6 3. d4 cxd4 4. Nxd4 a6 5. Bd3 Nf6 6. O-O Qc7 7. c4 Be7 8. Qc2
d6 9. Nc3 Nbd7 10. Bd2 b6 11. Rad1 Bb7 12. Kh1 O-O 13. f4 Rfe8 14. Rfe1 g6 15.
f5 exf5 16. exf5 Ne5 17. Rf1 Rad8 18. Bg5 Nxd3 19. Qxd3 Ng4 20. f6 Bf8 21. Nd5
Qb8 22. Qd2 h6 23. h3 hxg5 24. hxg4 Qc8 25. Qxg5 Qxc4 26. Ne7+ Bxe7 27. fxe7
Rd7 28. Nf5 Bd5 29. Rf4 Bxg2+ 30. Kxg2 Qe2+ 31. Rf2 Qe4+ 32. Kg1 Qe6 33. Nh6+
Kg7 34. Rxf7+ Qxf7 35. Nxf7 Kxf7 36. Rf1+ 1-0

[Event "Regional Sudeste 2011"]
[Site "Sao Paulo"]
[Date "2011.09.22"]
[Round "5.18"]
[White "Fernandez, Maria Florencia"]
[Black "Costa, Giovanni"]
[Result "1-0"]
[WhiteElo "2152"]
[BlackElo "1898"]
[PlyCount "65"]
[EventDate "2011.09.22"]

1. d4 Nf6 2. c4 g6 3. Nc3 d5 4. cxd5 Nxd5 5. e4 Nxc3 6. bxc3 Bg7 7. Bc4 c5 8.
Ne2 Nc6 9. Be3 O-O 10. O-O Qc7 11. Rc1 Bg4 12. f3 Na5 13. Bd3 Be6 14. d5 Bd7
15. c4 b6 16. Qd2 e5 17. Bh6 Nb7 18. Ng3 Nd6 19. Bxg7 Kxg7 20. f4 Ne8 21. f5 f6
22. h4 Nd6 23. Rf3 Nf7 24. Rcf1 Qd6 25. fxg6 hxg6 26. h5 Ng5 27. R3f2 Bg4 28.
Be2 Qd7 29. h6+ Kxh6 30. Rxf6 Rxf6 31. Rxf6 Qe7 32. Rc6 Bxe2 33. Nf5+ 1-0

[Event "Regional Sudeste 2011"]
[Site "Sao Paulo"]
[Date "2011.09.22"]
[Round "5.19"]
[White "Van Riemsdijk, Dirk D"]
[Black "Silva, Igor Dos Santos"]
[Result "1-0"]
[WhiteElo "2132"]
[BlackElo "1946"]
[PlyCount "47"]
[EventDate "2011.09.22"]

1. e4 c5 2. c3 Nc6 3. d4 d5 4. exd5 Qxd5 5. Nf3 Nf6 6. Be2 cxd4 7. cxd4 e6 8.
Nc3 Qd6 9. Bg5 Be7 10. Bxf6 Bxf6 11. O-O Nxd4 12. Nxd4 Qxd4 13. Bb5+ Bd7 14.
Qb3 Rd8 15. Rad1 Qb6 16. Rxd7 Rxd7 17. Rd1 Bd4 18. Bxd7+ Kxd7 19. Qa4+ Ke7 20.
Rxd4 Rc8 21. Qd7+ Kf6 22. g3 Rc7 23. Qd8+ Ke5 24. f4+ 1-0

[Event "Regional Sudeste 2011"]
[Site "Sao Paulo"]
[Date "2011.09.22"]
[Round "5.20"]
[White "Jonas, Tiago Filipe Da Silv"]
[Black "Deus Filho, Joaquim De"]
[Result "0-1"]
[WhiteElo "1836"]
[BlackElo "2105"]
[PlyCount "82"]
[EventDate "2011.09.22"]

1. e4 c5 2. Nf3 d6 3. d4 cxd4 4. Nxd4 Nf6 5. Nc3 a6 6. Be2 e5 7. Nb3 Be6 8. O-O
Be7 9. Be3 Qc7 10. f4 Nbd7 11. Kh1 b5 12. f5 Bc4 13. a3 h6 14. g4 Qc6 15. Bxc4
bxc4 16. Nd2 Rb8 17. Rb1 d5 18. exd5 Nxd5 19. Qf3 N7f6 20. Nxd5 Nxd5 21. c3 Rc8
22. Bg1 h5 23. Rbe1 hxg4 24. Qg2 f6 25. Re4 Nf4 26. Qxg4 Kf8 27. Be3 Rd8 28.
Re1 Nd3 29. Rg1 g5 30. fxg6 Kg7 31. Nf3 Bc5 32. Bxc5 Qxc5 33. Qe6 Nf2+ 34. Kg2
Nxe4 35. Qf7+ Kh6 36. Nh4 Qf2+ 37. Kh1 Qxh4 38. g7 Nf2+ 39. Kg2 Qh3+ 40. Kxf2
Rd2+ 41. Ke1 Qe3+ 0-1

[Event "Regional Sudeste 2011"]
[Site "Sao Paulo"]
[Date "2011.09.22"]
[Round "5.21"]
[White "Rodrigues, Nei Jorge"]
[Black "Alves, Sidney David"]
[Result "1-0"]
[WhiteElo "2043"]
[BlackElo "1534"]
[PlyCount "57"]
[EventDate "2011.09.22"]

1. e4 c6 2. d3 d5 3. Nd2 Nf6 4. Ngf3 g6 5. g3 Bg7 6. Bg2 O-O 7. O-O Bg4 8. c3
Nbd7 9. Qc2 e5 10. Re1 Re8 11. Nf1 h6 12. Ne3 Rc8 13. Nxg4 Nxg4 14. Nh4 Qb6 15.
exd5 cxd5 16. Bxd5 Ngf6 17. Bg2 a5 18. Be3 Qa6 19. Rad1 Ng4 20. Bc1 b5 21. h3
Ngf6 22. Be3 b4 23. c4 a4 24. b3 Nb6 25. Qd2 Kh7 26. Qxb4 Bf8 27. Qxb6 Qxb6 28.
Bxb6 Rb8 29. Bc7 1-0

[Event "Regional Sudeste 2011"]
[Site "Sao Paulo"]
[Date "2011.09.22"]
[Round "5.23"]
[White "Aoyama, Edmundo"]
[Black "Ferreira, Jonas De Vargas"]
[Result "1/2-1/2"]
[WhiteElo "1925"]
[BlackElo "1794"]
[PlyCount "101"]
[EventDate "2011.09.22"]

1. Nf3 Nf6 2. c4 e6 3. Nc3 d5 4. e3 Be7 5. d4 Nbd7 6. Be2 O-O 7. O-O a6 8. b3
dxc4 9. Bxc4 b5 10. Bd3 Bb7 11. Bb2 c5 12. Rc1 Rc8 13. Qe2 cxd4 14. Nxd4 Nc5
15. Bb1 Nce4 16. Nxe4 Bxe4 17. Bxe4 Nxe4 18. Rxc8 Qxc8 19. Rc1 Qd7 20. Qc2 Nf6
21. Qc7 Rd8 22. Kf1 h6 23. Ke2 Qxc7 24. Rxc7 Rd7 25. Rc8+ Kh7 26. Ra8 Rc7 27.
Rxa6 Nd5 28. Nc6 Bc5 29. Bd4 Bb6 30. Nb4 Nxb4 31. Rxb6 Rc2+ 32. Kf3 Rxa2 33.
Rxb5 Nd3 34. e4 Nc1 35. Kg3 Nd3 36. h4 Nc1 37. Be3 Ne2+ 38. Kh2 Nc3 39. Rb7 Kg8
40. f3 Nd1 41. Bd4 Rd2 42. Rd7 Ne3 43. Rd8+ Kh7 44. Bb6 Rxg2+ 45. Kh1 Re2 46.
Rd3 Ng2 47. h5 Nf4 48. Rd7 Kg8 49. Rd8+ Kh7 50. Rd7 Kg8 51. Rd8+ 1/2-1/2

[Event "Regional Sudeste 2011"]
[Site "Sao Paulo"]
[Date "2011.09.22"]
[Round "5.26"]
[White "Caceres, Elton Carlos"]
[Black "Braga, Marcelo Melem"]
[Result "1-0"]
[WhiteElo "1830"]
[BlackElo "1757"]
[PlyCount "71"]
[EventDate "2011.09.22"]

1. e4 c6 2. g3 d5 3. exd5 cxd5 4. Bg2 Nf6 5. Ne2 Bg4 6. O-O e6 7. h3 Bxe2 8.
Qxe2 a6 9. d4 h6 10. c4 Nc6 11. Rd1 b6 12. Nc3 Be7 13. cxd5 Nxd5 14. Nxd5 exd5
15. Qf3 O-O 16. Qxd5 Qxd5 17. Bxd5 Rac8 18. Be3 Nb4 19. Be4 Rfe8 20. a3 Nc2 21.
Bxc2 Rxc2 22. Rd2 Rec8 23. Rad1 b5 24. Kf1 Bd6 25. Rxc2 Rxc2 26. Rd2 Rxd2 27.
Bxd2 g5 28. Ke2 Kg7 29. Kd3 f5 30. f4 gxf4 31. Bxf4 Bxf4 32. gxf4 Kf6 33. d5
Ke7 34. Kd4 Kd6 35. b4 h5 36. h4 1-0

[Event "Regional Sudeste 2011"]
[Site "Sao Paulo"]
[Date "2011.09.22"]
[Round "5.27"]
[White "Leite, Tarcisio Dantas Fro"]
[Black "Cruz, Cesar Fernando Dos"]
[Result "0-1"]
[WhiteElo "1706"]
[BlackElo "1823"]
[PlyCount "100"]
[EventDate "2011.09.22"]

1. Nf3 Nf6 2. g3 g6 3. Bg2 Bg7 4. O-O O-O 5. d3 d5 6. Nbd2 b6 7. Re1 Bb7 8. e4
dxe4 9. dxe4 Nxe4 10. Qe2 Nxd2 11. Bxd2 Nc6 12. c3 e6 13. Rad1 Qe8 14. Bf4 Rc8
15. Rd2 h6 16. Red1 g5 17. Be3 Rd8 18. Nd4 Nxd4 19. Bxd4 Bxg2 20. Kxg2 Qc6+ 21.
Qf3 Qxf3+ 22. Kxf3 Bxd4 23. cxd4 Rd5 24. Ke3 Rc8 25. b4 a5 26. a3 axb4 27. axb4
Rb5 28. d5 exd5 29. Rxd5 Re8+ 30. Kd4 Rxb4+ 31. Kc3 Ree4 32. Rd8+ Kg7 33. R1d7
c5 34. Rc7 Re2 35. Rd2 Rxd2 36. Kxd2 Rb2+ 37. Ke3 Rb3+ 38. Ke2 Rb2+ 39. Ke3 Rb4
40. f4 gxf4+ 41. gxf4 c4 42. Kd4 b5 43. Rb7 Rb3 44. Rb6 c3 45. Rc6 b4 46. Rc4
Rb2 47. h3 c2 48. Kd3 b3 49. Kd2 Rb1 50. Rc3 Rd1+ 0-1

[Event "Regional Sudeste 2011"]
[Site "Sao Paulo"]
[Date "2011.09.22"]
[Round "5.30"]
[White "Brujin, Homero"]
[Black "Cruz, Arquias Sofocles Gu"]
[Result "0-1"]
[WhiteElo "1598"]
[BlackElo "1810"]
[PlyCount "54"]
[EventDate "2011.09.22"]

1. d4 Nf6 2. c4 e6 3. Nf3 d5 4. e3 Be7 5. cxd5 exd5 6. Be2 O-O 7. O-O b6 8. Nc3
Bb7 9. Bd2 Nbd7 10. Rc1 c5 11. Rc2 Rc8 12. Be1 Bd6 13. Nb5 Bb8 14. dxc5 bxc5
15. Qc1 a6 16. Na3 Qb6 17. Nd2 Qd6 18. f4 Rfe8 19. Bf2 Ba7 20. Ndb1 Ne4 21. Be1
Ndf6 22. Nc3 Nxc3 23. bxc3 c4 24. Rf3 Ng4 25. Bf2 Nxf2 26. Kxf2 Rxe3 27. Nxc4
Rxf3+ 0-1

[Event "Regional Sudeste 2011"]
[Site "Sao Paulo"]
[Date "2011.09.22"]
[Round "6.1"]
[White "El Debs, Felipe De Cresce"]
[Black "Sega, Carlos Alberto"]
[Result "1/2-1/2"]
[WhiteElo "2478"]
[BlackElo "2261"]
[PlyCount "43"]
[EventDate "2011.09.22"]

1. Nf3 Nf6 2. c4 c5 3. Nc3 e6 4. g3 b6 5. Bg2 Bb7 6. O-O Be7 7. b3 O-O 8. d4
cxd4 9. Qxd4 d6 10. Ba3 d5 11. Bxe7 Qxe7 12. cxd5 Nxd5 13. Ne5 Nxc3 14. Qxc3
Bxg2 15. Kxg2 Qb7+ 16. Qf3 Qxf3+ 17. Kxf3 f6 18. Nd3 Nc6 19. Rac1 Rac8 20. Ke3
Ne7 21. Nb4 Rfd8 22. Rxc8 1/2-1/2